000 00572nam a2200193Ia 4500
005 20250508163701.0
008 008 250505s9999 xx 000 0 eng d
037 _aTextual
040 _aFEDL
_beng
_cFEDL
041 _aeng
_2eng
084 _a371.4, DAV
_qFEDL
100 _aIndu Dave
_9769631
245 0 _aBasic essentials of counselling
260 _aNew Delhi, India
_bSterling Publishers Private Limited
_c1991
300 _axvi,197p
650 _aEducational Guidance and Counseling
942 _cTEXL
_h371.4, DAV
999 _c1384685
_d1384685